000 00919pam a2200277 a 4500
999 _c184
_d184
001 1126150
003 GZU
005 20200708093551.0
008 940914s1995 maua b 001 0 eng
010 _a 94036865
020 _a0205158315
040 _aDLC
_cDLC
_dDLC
050 0 0 _aBF311
_b.S653 1995
082 0 0 _a153
_220
100 1 _aSolso, Robert L.,
_d1933-
245 1 0 _aCognitive psychology /
_cRobert L. Solso.
250 _a4th ed.
260 _aBoston :
_bAllyn and Bacon,
_cc1995.
300 _axiii, 575 p. :
_bill. (some col.) ;
_c24 cm.
504 _aIncludes bibliographical references (p. 525-564) and indexes.
650 0 _aCognition
_vTextbooks.
650 0 _aCognitive psychology
_vTextbooks.
906 _a7
_bcbc
_corignew
_d1
_eocip
_f19
_gy-gencatlg
942 _2lcc
_cBK
_e4th ed.
_h311
_iSOL
_kBF
_m1995